| 000 | 00645cam a22002174a 4500 | ||
|---|---|---|---|
| 005 | 20250605164010.0 | ||
| 008 | 250528s ||||||||||||||||||||||||d | ||
| 035 | _a15925 | ||
| 020 | _a273022423 | ||
| 040 |
_aGR-AtMCL _bgre _dGR-AtMCL _eAACR2 |
||
| 245 | 1 | _aPurchasing Principles and Management / Fifth Edition | |
| 250 | _a5th | ||
| 260 |
_bPitman Publishing, _c1986 |
||
| 300 | _a326 | ||
| 520 | _aPreface and Acknowledgements, Objectives and Organization, Practice and Techniques, Systems and Controls, Index. | ||
| 700 | 1 |
_aBaily Peter _91956 |
|
| 700 | 1 |
_aFarmer David _91957 |
|
| 942 | _cBK | ||
| 999 |
_c1473 _d1473 |
||